UM Logo

Marketing : (Record no. 7836)

MARC details
000 -LEADER
fixed length control field 00638nam a22001817a 4500
008 - FIXED-LENGTH DATA ELEMENTS--GENERAL INFORMATION
fixed length control field 171201b xxu||||| |||| 00| 0 eng d
020 ## - INTERNATIONAL STANDARD BOOK NUMBER
International Standard Book Number 0205105963
082 ## - DEWEY DECIMAL CLASSIFICATION NUMBER
Edition number 1988
Classification number DC 658.8
Item number Sch6
100 ## - MAIN ENTRY--PERSONAL NAME
9 (RLIN) 23777
Personal name Schoell, William F.,author.
245 ## - TITLE STATEMENT
Title Marketing :
Remainder of title contemporary concepts and practices/
Statement of responsibility, etc. William F. Schoell, Joseph P. Guiltinan.
250 ## - EDITION STATEMENT
Edition statement Third edition.
260 ## - PUBLICATION, DISTRIBUTION, ETC. (IMPRINT)
Place of publication, distribution, etc. Boston :
Name of publisher, distributor, etc. Allyn and Bacon,
Date of publication, distribution, etc. ©1988.
300 ## - PHYSICAL DESCRIPTION
Extent xxv, 762 pages :
Other physical details colored illustrations;
Dimensions 27 cm.
500 ## - GENERAL NOTE
General note Includes glossary and indexes.
650 #0 - SUBJECT ADDED ENTRY--TOPICAL TERM
9 (RLIN) 23781
Topical term or geographic name as entry element Marketing.
700 ## - ADDED ENTRY--PERSONAL NAME
9 (RLIN) 23782
Personal name Guiltinan, Joseph P.,author.
942 ## - ADDED ENTRY ELEMENTS (KOHA)
Source of classification or shelving scheme Dewey Decimal Classification
Koha item type Circulation
Holdings
Withdrawn status Lost status Source of classification or shelving scheme Damaged status Not for loan Collection code Home library Current library Shelving location Date acquired Source of acquisition Total Checkouts Full call number Barcode Date last seen Date last checked out Copy number Price effective from Koha item type
    Dewey Decimal Classification     Circulation UM Digos College - LIC UM Digos College - LIC Book Cart 08/11/2003 Donated 1 DC 658.8 Sch6 1988 15425 05/15/2025 05/06/2023 1 12/01/2017 Circulation
    Dewey Decimal Classification     Circulation UM Digos College - LIC UM Digos College - LIC Book Cart 12/01/2017 Donated 1 DC 658.8 Sch6 1988 15426 02/07/2023 02/04/2023 2 12/01/2017 Circulation